| 000 | 00880nam a22002417a 4500 | ||
|---|---|---|---|
| 008 | 130821s2006 sp a gr spa | ||
| 020 | _a8478290796 | ||
| 020 | _a9788478290796 | ||
| 040 |
_aCo-BoUCM _bspa |
||
| 041 | 0 | 0 | _aspa |
| 100 | 1 | _aWeil, David N. | |
| 245 | 1 | 0 |
_aCrecimiento económico _cDavid N. Weil ; traducción de Esther Rabasco Espáriz ; revisión técnica de Luis Toharia |
| 260 |
_aMadrid (España) _bPearson Educación/Addison Wesley _c2006 |
||
| 300 |
_axxv, 571 páginas _bilustraciones, cuadros, tablas |
||
| 504 | _aIncluye índice, bibliografía y glosario. | ||
| 650 | 0 | 4 |
_aCrecimiento económico _912098 |
| 650 | 0 | 4 |
_aDesarrollo económico _912956 |
| 700 | 1 |
_aRabasco Espáriz, Esther _etrad. |
|
| 700 | 1 |
_aToharia, Luis _erev. |
|
| 765 | _tEconomic growth | ||
| 942 |
_cLIBRO _a7 _e1 _mW422c _2DEWEY _h338.9 |
||
| 999 |
_c69457 _d69457 |
||